वीर पुत्रीयाँ (Record no. 964694)

MARC details
000 -LEADER
fixed length control field 00376nam a2200133Ia 4500
008 - FIXED-LENGTH DATA ELEMENTS--GENERAL INFORMATION
fixed length control field 151001s9999||||xx |||||||||||||| ||und||
100 ## - MAIN ENTRY--PERSONAL NAME
Personal name वाणप्रस्थी प्राणनाथ
245 ## - TITLE STATEMENT
Title वीर पुत्रीयाँ
250 ## - EDITION STATEMENT
Edition statement 1
260 ## - PUBLICATION, DISTRIBUTION, ETC. (IMPRINT)
Name of publisher, distributor, etc शिक्षा भारती
260 ## - PUBLICATION, DISTRIBUTION, ETC. (IMPRINT)
Date of publication, distribution, etc 1982
300 ## - PHYSICAL DESCRIPTION
Extent 40
365 ## - TRADE PRICE
Price amount 18

No items available.